000 00313nam a22001217a 4500
008 180426b xxu||||| |||| 00| 0 eng d
041 _aeng
080 _a043.3
100 _a0
101 _aSHKI-BA
245 _aImplementimi dhe Adaptimi i E-Commerce ne Kompanite e Vogla ne Zvicer
_cTahiri, D
942 _2udc
_cBK
999 _c45582
_d45582